| 000 | 00333nam a2200133Ia 4500 | ||
|---|---|---|---|
| 008 | 210210b1983 xxu||||| |||| 00| 0 eng d | ||
| 082 | _a001.64 LITS | ||
| 100 | _aLITTERICK (Ian). | ||
| 245 | _aStory of computers | ||
| 260 |
_aEngland _bWayland publishers Ltd. _c1983 |
||
| 300 | _a48 | ||
| 690 | _aComputer Science | ||
| 906 | _a036983 | ||
| 999 |
_c87459 _d87459 |
||